[Event "5th EuroChamp"]
[Site "?"]
[Date "2004.05.22"]
[Round "7.30"]
[White "Van Der Stricht, Geert"]
[Black "Atakisi, Umut"]
[Result "1/2-1/2"]
[WhiteElo "2450"]
[BlackElo "2344"]
[PlyCount "77"]
[EventDate "2004.??.??"]

1. d4 Nf6 2. c4 g6 3. Nc3 d5 4. Nf3 Bg7 5. Qb3 dxc4 6. Qxc4 O-O 7. e4 a6 8. e5
b5 9. Qb3 Nfd7 10. h4 c5 11. e6 c4 12. Qd1 Nb6 13. exf7+ Rxf7 14. h5 Nc6 15.
hxg6 hxg6 16. Be3 Bf5 17. Ng5 Nxd4 18. Nxf7 Kxf7 19. Rc1 e5 20. g4 Be6 21. Bg2
Kg8 22. O-O Ra7 23. f4 Rd7 24. Qe1 Bxg4 25. Qg3 Bh5 26. fxe5 b4 27. Bxd4 Rxd4
28. Rce1 Rg4 29. Qf2 bxc3 30. bxc3 Qg5 31. e6 Nd5 32. e7 Nxe7 33. Qf7+ Kh8 34.
Rxe7 Rxg2+ 35. Kh1 Rh2+ 36. Kxh2 Qh4+ 37. Kg2 Qg4+ 38. Kf2 Qh4+ 39. Kg2 1/2-1/2

[Event "5th EuroChamp"]
[Site "?"]
[Date "2004.05.22"]
[Round "7.31"]
[White "Bakalarz, Mieczyslaw"]
[Black "Mazi, Leon"]
[Result "0-1"]
[WhiteElo "2333"]
[BlackElo "2417"]
[PlyCount "128"]
[EventDate "2004.??.??"]

1. e4 e5 2. Nf3 Nc6 3. d4 exd4 4. Nxd4 Nf6 5. Nc3 Bb4 6. Nxc6 bxc6 7. Bd3 d5 8.
exd5 cxd5 9. O-O O-O 10. Bg5 c6 11. Na4 Be6 12. c3 Bd6 13. b4 h6 14. Bh4 Re8
15. Bc2 Bg4 16. Qd4 Bh5 17. Rfe1 Rxe1+ 18. Rxe1 Bg6 19. Bxg6 fxg6 20. Nc5 Bxc5
21. Qxc5 g5 22. Bg3 Qb6 23. Qd6 Ne4 24. Qe6+ Kh8 25. Re3 Rf8 26. Be5 Nf6 27. h3
Qa6 28. a3 Qb7 29. a4 a6 30. Rf3 Re8 31. Qd6 Ng8 32. Qg6 Rxe5 33. Rf7 Re1+ 34.
Kh2 Qb8+ 35. f4 Qxf4+ 36. Rxf4 gxf4 37. Qxc6 Nf6 38. Qxa6 Kh7 39. Qd3+ Ne4 40.
g3 Re3 41. Qxd5 fxg3+ 42. Kg2 Re2+ 43. Kf3 Rf2+ 44. Ke3 Ng5 45. Qh1 Rb2 46. Qc1
g2 47. h4 Nh3 48. Qxb2 g1=Q+ 49. Kf3 Qd1+ 50. Kg3 Qd3+ 51. Kh2 Nf4 52. Qf2 Qh3+
53. Kg1 Nd3 54. Qe2 Qg3+ 55. Kf1 Qf4+ 56. Kg2 Qf5 57. Qe3 Nf4+ 58. Kg3 Nh5+ 59.
Kh2 Nf6 60. Qd4 Qf3 61. a5 Ne4 62. Kg1 Nxc3 63. Kh2 Ne2 64. Qc5 Qg3+ 0-1

[Event "5th EuroChamp"]
[Site "?"]
[Date "2004.05.22"]
[Round "7.32"]
[White "Kose, Serkan"]
[Black "Esen, Baris"]
[Result "0-1"]
[WhiteElo "2244"]
[BlackElo "2262"]
[PlyCount "98"]
[EventDate "2004.??.??"]

1. e4 Nf6 2. e5 Nd5 3. d4 d6 4. c4 Nb6 5. f4 dxe5 6. fxe5 Bf5 7. Be3 e6 8. Nc3
Nc6 9. Nf3 Qd7 10. Bd3 Nxd4 11. Bxd4 c5 12. Bxf5 cxd4 13. Qxd4 exf5 14. O-O-O
Qxd4 15. Nxd4 Nxc4 16. Nxf5 g6 17. Nd6+ Nxd6 18. exd6 O-O-O 19. Ne4 f5 20. Ng5
Bxd6 21. Kb1 Bc7 22. Rc1 Rd7 23. Rc2 Re8 24. a3 Kb8 25. Nf3 Bd8 26. Rhc1 Bf6
27. Rc4 a6 28. R1c2 Rde7 29. Kc1 g5 30. h3 h5 31. Rf2 Re2 32. Rc2 Rxf2 33. Rxf2
Re3 34. Kc2 Kc7 35. Ng1 f4 36. Ne2 Be5 37. Nc1 Kd6 38. Nd3 Re4 39. b3 Bd4 40.
Rd2 Ke6 41. Kd1 g4 42. hxg4 hxg4 43. Re2 Kf5 44. Ne1 Rxe2 45. Kxe2 Ke4 46. a4
a5 47. Nc2 f3+ 48. gxf3+ gxf3+ 49. Kd2 Bc3+ 0-1

[Event "5th EuroChamp"]
[Site "?"]
[Date "2004.05.22"]
[Round "7.33"]
[White "Erdogan, Hakan"]
[Black "Demirel, Tolga"]
[Result "0-1"]
[WhiteElo "2252"]
[BlackElo "2183"]
[PlyCount "50"]
[EventDate "2004.??.??"]

1. d4 d5 2. c4 e6 3. Nc3 Bb4 4. a3 Bxc3+ 5. bxc3 Nf6 6. Nf3 c5 7. e3 Qc7 8. Nd2
O-O 9. Bd3 b6 10. cxd5 exd5 11. O-O Ba6 12. Bxa6 Nxa6 13. Bb2 c4 14. f3 Rfe8
15. Qe2 Qc6 16. Rfe1 Nc7 17. e4 dxe4 18. fxe4 Nxe4 19. Qxc4 Qxc4 20. Nxc4 Nd5
21. Rac1 b5 22. Ne5 Nd6 23. Nd3 Nc4 24. Kf2 Kf8 25. Rc2 Rxe1 0-1

[Event "5th EuroChamp"]
[Site "?"]
[Date "2004.05.22"]
[Round "7.35"]
[White "Aleskerov, Faik"]
[Black "Bente, Bjoern"]
[Result "1-0"]
[WhiteElo "2167"]
[BlackElo "2219"]
[PlyCount "85"]
[EventDate "2004.??.??"]

1. d4 d5 2. Nf3 Nf6 3. e3 c6 4. Bd3 Bg4 5. Nbd2 e6 6. O-O Be7 7. h3 Bh5 8. c3
Nbd7 9. e4 Bg6 10. Qe2 dxe4 11. Nxe4 Nxe4 12. Bxe4 Bxe4 13. Qxe4 Nf6 14. Qe2
O-O 15. Bg5 Nd5 16. Bd2 c5 17. c4 Nf6 18. Bc3 cxd4 19. Nxd4 Qb6 20. Rad1 Bb4
21. Bxb4 Qxb4 22. a3 Qe7 23. b4 Rfd8 24. c5 Rd5 25. Nb5 Qd7 26. Nc3 Rxd1 27.
Rxd1 Nd5 28. Qg4 Qc6 29. Nxd5 exd5 30. Qg5 Re8 31. Qxd5 Qa6 32. Qd3 Qc6 33. Qd5
Qa6 34. Rd3 h6 35. Rf3 Re1+ 36. Kh2 Qe6 37. Qxb7 Qe5+ 38. g3 Qa1 39. Rxf7 Rf1
40. Rf4 Qe1 41. Qa8+ Kh7 42. Qf3 Qc1 43. Rf8 1-0

[Event "5th EuroChamp"]
[Site "?"]
[Date "2004.05.22"]
[Round "7.36"]
[White "Mamedjarova, Turkan"]
[Black "Ersahin, Bulent"]
[Result "0-1"]
[WhiteElo "2191"]
[BlackElo "2070"]
[PlyCount "120"]
[EventDate "2004.??.??"]

1. d4 Nf6 2. Nf3 g6 3. Bf4 Bg7 4. e3 O-O 5. h3 d6 6. Bc4 Nbd7 7. O-O Qe8 8. Bh2
e5 9. c3 Qe7 10. Nbd2 e4 11. Ne1 d5 12. Bb3 c5 13. dxc5 Nxc5 14. c4 Nxb3 15.
Nxb3 b6 16. Nd2 Nd7 17. Qc2 Ba6 18. Rc1 Rac8 19. Qa4 Nc5 20. Qa3 dxc4 21. Nxc4
Qe6 22. b3 Rfd8 23. Nc2 Bxc4 24. bxc4 Nd3 25. Rcd1 Qxc4 26. Ne1 a5 27. Nxd3
Rxd3 28. Qe7 Qc2 29. Rb1 Rd2 30. Bg3 Bf8 31. Qb7 Qc6 32. Qa6 Bc5 33. Rfc1 Rcd8
34. Qc4 Qd5 35. Qa4 Rxa2 36. Qb5 Rd2 37. Bc7 Qf5 38. Rf1 R8d5 39. Bxb6 Bxb6 40.
Qxb6 a4 41. Qb4 Rc2 42. Rb2 Rxb2 43. Qxb2 Qe5 44. Qb4 Ra5 45. Rc1 Ra8 46. Qa3
Qd5 47. Rb1 Qd3 48. Qxd3 exd3 49. Kf1 a3 50. Ke1 a2 51. Ra1 Kg7 52. Kd2 Ra3 53.
f4 Kf6 54. g4 Ke6 55. Kc1 Kd5 56. Kb2 Ra7 57. Kc3 Ke4 58. Kd2 Ra3 59. h4 Kf3
60. f5 Kxg4 0-1

[Event "5th EuroChamp"]
[Site "?"]
[Date "2004.05.22"]
[Round "7.37"]
[White "Idrizaj, Abedin"]
[Black "Goksel, Doga Cihan"]
[Result "1-0"]
[WhiteElo "2249"]
[BlackElo "2130"]
[PlyCount "111"]
[EventDate "2004.??.??"]

1. e4 c5 2. Nf3 e6 3. d4 cxd4 4. Nxd4 a6 5. Bd3 Qc7 6. O-O Nf6 7. Qe2 d6 8. c4
Be7 9. Nc3 O-O 10. Bg5 Nbd7 11. b3 b5 12. Rac1 bxc4 13. Bxc4 Ne5 14. Na4 Qb7
15. Nf3 Nxc4 16. Rxc4 Bd7 17. Nc3 Rfc8 18. e5 Rxc4 19. bxc4 dxe5 20. Nxe5 Be8
21. Rb1 Qc7 22. Rc1 Rd8 23. Bf4 Qa5 24. h3 Rd4 25. Bg3 Bb4 26. Qe3 Rd8 27. Ne4
Nh5 28. Nd3 Nxg3 29. Qxg3 Be7 30. c5 Bc6 31. Nd6 Qa3 32. Nc4 Qxd3 33. Qxd3 Rxd3
34. Ne5 Rd5 35. Nxc6 Bxc5 36. Nb8 h5 37. Nxa6 Ba3 38. Rc2 h4 39. Kf1 Kf8 40.
Ke2 Ke7 41. Nb8 Bd6 42. Nc6+ Kd7 43. Rc4 g5 44. a4 Bf4 45. Nd4 e5 46. Nb3 f5
47. Nc5+ Kd6 48. Nb3 g4 49. Rb4 Kc6 50. a5 Rb5 51. Rc4+ Kd5 52. Rc3 Rb4 53. a6
Ra4 54. Rc5+ Kd6 55. Ra5 Rxa5 56. Nxa5 1-0